[Event "Hart House Reading Week U1600"]
[Site "Toronto CAN"]
[Date "2016.02.20"]
[Round "2"]
[White "Pishdad, Hassan"]
[Black "Archibald, Colin"]
[Result "1-0"]
[WhiteElo "1169"]
[BlackElo "1380"]
[PlyCount "137"]
[EventDate "2016.02.19"]
[EventType "swiss"]
[EventRounds "5"]
[EventCountry "CAN"]

1. d4 d5 2. c4 e6 3. Nf3 Nf6 4. e3 c6 5. Bd3 Bd6 6. O-O Nbd7 7. Nc3 O-O 8. a3
Re8 9. c5 Bc7 10. e4 dxe4 11. Nxe4 Nxe4 12. Bxe4 Nf6 13. Bg5 h6 14. Bxf6 Qxf6
15. Re1 Rd8 16. Qc2 g6 17. Rad1 Bd7 18. Qd2 Kg7 19. h3 Be8 20. Qc3 Rab8 21. Bb1
a6 22. Ne5 Rd5 23. Be4 Rdd8 24. Qe3 Ba5 25. b4 Bc7 26. Ng4 Qf4 27. Qxf4 Bxf4
28. g3 Bg5 29. f4 Be7 30. Ne3 Bf6 31. Nc2 Rd7 32. Rd3 Rbd8 33. Red1 Kf8 34. Kf2
Bg7 35. Bg2 h5 36. Be4 Kg8 37. Bf3 e5 38. d5 exf4 39. gxf4 cxd5 40. Rxd5 Rxd5
41. Rxd5 Rb8 42. Kg3 Bc6 43. Rd3 Bb5 44. Rd6 Bf8 45. Rb6 Bd3 46. Nd4 Rd8 47.
Ne2 Re8 48. Kf2 Bg7 49. Rxb7 Bb2 50. a4 Bf6 51. Rd7 Bh4+ 52. Ng3 Bc2 53. Rd6
Bxa4 54. Rxa6 Bb5 55. Rb6 Bc4 56. c6 Be6 57. b5 Ra8 58. Ra6 Rd8 59. Kg2 Rd2+
60. Ne2 Be7 61. c7 Rc2 62. b6 Bc4 63. c8=Q+ Kg7 64. Kf2 Bh4+ 65. Kg2 Bd3 66.
Qxc2 Bxc2 67. b7 Bd3 68. Rb6 Bd8 69. b8=Q 1-0

[Event "Hart House Reading Week U1600"]
[Site "Toronto CAN"]
[Date "2016.03.20"]
[Round "3"]
[White "Li, Justin"]
[Black "Pishdad, Hassan"]
[Result "1-0"]
[WhiteElo "1400"]
[BlackElo "1169"]
[PlyCount "77"]
[EventDate "2016.02.19"]
[EventType "swiss"]
[EventRounds "5"]
[EventCountry "CAN"]

1. d4 Nf6 2. Bf4 e6 3. e3 d5 4. Bd3 Bd6 5. Bg3 Nc6 6. Nf3 Bxg3 7. hxg3 Bd7 8.
c3 Qe7 9. Ne5 a6 10. Nd2 O-O-O 11. a4 Be8 12. Nxc6 Bxc6 13. b4 Bd7 14. b5 a5
15. Nf3 b6 16. Qc2 g6 17. Ne5 Ne8 18. O-O Nd6 19. c4 dxc4 20. Bxc4 f6 21. Nf3
Kb8 22. Be2 Bc8 23. e4 Bb7 24. e5 Nf5 25. Rfd1 h5 26. Rd2 fxe5 27. Nxe5 Qe8 28.
Rad1 g5 29. Bf3 Rd6 30. Bxb7 Kxb7 31. d5 Rh7 32. Qe4 Kb8 33. Re1 Rg7 34. Qxf5
exf5 35. Nc6+ Qxc6 36. bxc6 Ka7 37. Red1 b5 38. axb5 Kb6 39. Rb2 1-0

[Event "Hart House Reading Week U1600"]
[Site "Toronto CAN"]
[Date "2016.03.21"]
[Round "4"]
[White "Pishdad, Hassan"]
[Black "Chen, Harry"]
[Result "0-1"]
[WhiteElo "1169"]
[BlackElo "1391"]
[PlyCount "27"]
[EventDate "2016.02.19"]
[EventType "swiss"]
[EventRounds "5"]
[EventCountry "CAN"]

1. d4 d5 2. c4 e6 3. Nf3 Nf6 4. cxd5 exd5 5. Bf4 Be7 6. Nc3 O-O 7. h3 c6 8. e3
Bf5 9. Bd3 Bg6 10. Bxg6 hxg6 11. Qb3 b6 12. O-O-O Kh8 13. Ng5 Qd7 14. g4 {
to  be  completed  later} 0-1

[Event "Hart House Reading Week U1600"]
[Site "Toronto CAN"]
[Date "2016.03.21"]
[Round "5"]
[White "She, Allan"]
[Black "Pishdad, Hassan"]
[Result "1-0"]
[WhiteElo "1140"]
[BlackElo "1160"]
[PlyCount "71"]
[EventDate "2016.02.19"]
[EventType "swiss"]
[EventRounds "5"]
[EventCountry "CAN"]

1. Nf3 d5 2. d4 Nf6 3. c4 e6 4. e3 Nc6 5. Nc3 Be7 6. Bd3 O-O 7. O-O dxc4 8.
Bxc4 a6 9. Bd3 b5 10. Ne4 Nd5 11. Nc3 Nxc3 12. bxc3 Bb7 13. Bb2 Na5 14. Re1 c5
15. Bc2 f5 16. Ne5 c4 17. Bc1 Nc6 18. Nf3 g5 19. h3 Rf7 20. e4 Na5 21. exf5
exf5 22. Ne5 Qd5 23. Qf3 Qxf3 24. Nxf3 Bxf3 25. gxf3 f4 26. Be4 Ra7 27. Bd5 Rd7
28. Bxf7+ Kxf7 29. Re4 Nc6 30. h4 h6 31. hxg5 hxg5 32. Bd2 Rd5 33. Rae1 Rd6 34.
Bc1 Kf6 35. Ba3 Rd7 36. Re6+ 1-0

[Event "Intermat: BC - WA"]
[Site "Vancouver CAN"]
[Date "2016.05.14"]
[Round "1.1"]
[White "Pompas, Codrin"]
[Black "Frasca, James"]
[Result "1-0"]
[WhiteElo "745"]
[BlackElo "1095"]
[PlyCount "89"]
[EventDate "2016.05.14"]
[EventType "team"]
[EventRounds "2"]
[EventCountry "CAN"]

1. e4 e5 2. Nf3 Nc6 3. Nc3 Nf6 4. Bc4 Bb4 5. O-O Bxc3 6. dxc3 O-O 7. Re1 d6 8.
Bg5 Be6 9. Bb3 h6 10. Bh4 Na5 11. Qd2 Nxb3 12. axb3 Bg4 13. Qe3 Qe7 14. h3 Bh5
15. Nd2 Qe6 16. Rxa7 Rfb8 17. Rea1 Rxa7 18. Qxa7 Qc8 19. Bxf6 Ra8 20. Qxa8 Qxa8
21. Rxa8+ Kh7 22. Bxg7 Kxg7 23. Ra7 Bd1 24. Rxb7 Bxc2 25. b4 Ba4 26. Rxc7 Kf8
27. Nc4 Ke8 28. Nxd6+ Kd8 29. Rxf7 Be8 30. Rf8 Ke7 31. Rxe8+ Kxd6 32. Rh8 Ke6
33. Rxh6+ Kf7 34. b5 Ke7 35. Rc6 Kd7 36. Rc4 Kd6 37. b6 Ke6 38. b7 Kd6 39.
b8=Q+ Ke6 40. Rc7 Kf6 41. Qd8+ Kg6 42. Re7 Kg5 43. Qf8 Kg6 44. Rg7+ Kh6 45.
Qh8# 1-0

[Event "Intermat: BC - WA"]
[Site "Vancouver CAN"]
[Date "2016.05.14"]
[Round "1.2"]
[White "Guo, Biaobiao Boyong"]
[Black "O'Brien, Hansol"]
[Result "1-0"]
[WhiteElo "552"]
[BlackElo "1064"]
[PlyCount "129"]
[EventDate "2016.05.14"]
[EventType "team"]
[EventRounds "2"]
[EventCountry "CAN"]

1. d4 d5 2. c4 c6 3. Nc3 Nf6 4. Nf3 e6 5. Bf4 Nbd7 6. e3 Be7 7. cxd5 cxd5 8.
Bb5 a6 9. Bxd7+ Bxd7 10. O-O O-O 11. Re1 Rc8 12. e4 Bb4 13. Rc1 Qe8 14. exd5
Nxd5 15. Qb3 Bxc3 16. Bd6 Bxe1 17. Rxc8 Qxc8 18. Bxf8 Bb4 19. Bxb4 Nxb4 20.
Qxb4 g5 21. g3 g4 22. Ne5 Qc1+ 23. Kg2 Bc6+ 24. Nxc6 bxc6 25. d5 cxd5 26. Qxg4+
Kf8 27. b4 Qc4 28. Qh5 Qe4+ 29. f3 Qe2+ 30. Kh3 Qc2 31. Qe5 Qf5+ 32. Qxf5 exf5
33. a4 d4 34. b5 axb5 35. axb5 d3 36. b6 d2 37. b7 d1=Q 38. b8=Q+ Ke7 39. Qe5+
Kd8 40. Qxf5 Qf1+ 41. Kh4 Qc4+ 42. f4 Ke8 43. Qxh7 f6 44. Qg6+ Ke7 45. Qg7+ Qf7
46. Qxf7+ Kxf7 47. g4 Kg7 48. g5 fxg5+ 49. fxg5 Kg6 50. Kg4 Kg7 51. h4 Kg6 52.
h5+ Kg7 53. Kf5 Kg8 54. h6 Kh8 55. g6 Kg8 56. Kf6 Kh8 57. g7+ Kh7 58. Kf7 Kxh6
59. g8=Q Kh5 60. Kf6 Kh4 61. Kf5 Kh3 62. Kf4 Kh2 63. Kf3 Kh1 64. Kf2 Kh2 65.
Qg2# 1-0

[Event "Intermat: BC - WA"]
[Site "Vancouver CAN"]
[Date "2016.05.14"]
[Round "1.3"]
[White "Yang, Jingyun (Ryan)"]
[Black "Chivers, Roman"]
[Result "1/2-1/2"]
[WhiteElo "1338"]
[BlackElo "1558"]
[PlyCount "58"]
[EventDate "2016.05.14"]
[EventType "team"]
[EventRounds "2"]
[EventCountry "CAN"]

1. d4 d5 2. Bf4 Nf6 3. Nf3 Nc6 4. e3 Bg4 5. Nbd2 Ne4 6. Bb5 e6 7. h3 Nxd2 8.
Qxd2 Bxf3 9. gxf3 a6 10. Bxc6+ bxc6 11. O-O-O Bd6 12. Bxd6 Qxd6 13. e4 O-O 14.
e5 Qe7 15. Rhg1 Qh4 16. Rg3 f5 17. Rdg1 Rf7 18. Qc3 f4 19. Rg4 Qxf2 20. Qxc6
Qe3+ 21. Kb1 Raf8 22. Qxe6 Kh8 23. Qxd5 h5 24. Rxg7 -- 25. R7g5 Rf5 26. Rg8+
Kh7 27. R1g7+ Kh6 28. Qc6+ R5f6 29. Rg6+ Kh7 1/2-1/2

[Event "Intermat: BC - WA"]
[Site "Vancouver CAN"]
[Date "2016.05.14"]
[Round "1.4"]
[White "Song, Ethan"]
[Black "Velea, Sophie"]
[Result "0-1"]
[WhiteElo "1058"]
[BlackElo "1464"]
[PlyCount "134"]
[EventDate "2016.05.14"]
[EventType "team"]
[EventRounds "2"]
[EventCountry "CAN"]

1. c4 e6 2. Nc3 Nf6 3. g3 d5 4. e3 Bb4 5. Qa4+ Nc6 6. cxd5 Nxd5 7. Nxd5 Qxd5 8.
f3 O-O 9. e4 Qd6 10. Ne2 Rd8 11. Nc3 Bxc3 12. dxc3 Bd7 13. Bf4 e5 14. Bg5 f6
15. Qb3+ Be6 16. Bc4 Bxc4 17. Qxc4+ Kh8 18. Be3 Qd3 19. Qxd3 Rxd3 20. Ke2 Rad8
21. Rad1 R3d6 22. Bc5 R6d7 23. b4 b6 24. Be3 Kg8 25. Rxd7 Rxd7 26. Rd1 Rxd1 27.
Kxd1 Kf7 28. Kd2 Ke6 29. Kd3 b5 30. a3 a5 31. bxa5 Nxa5 32. Bc5 Nc4 33. Kc2 Na5
34. Bb4 Nc4 35. Kb3 Nd2+ 36. Kc2 Nxf3 37. h3 Ng5 38. h4 Nxe4 39. g4 Nf2 40. g5
fxg5 41. hxg5 Ne4 42. Kb3 Nxg5 43. c4 c6 44. Bc3 h5 45. Kb4 Ne4 46. Be1 Nd6 47.
Bf2 Nxc4 48. a4 bxa4 49. Kxc4 g5 50. Kb4 h4 51. Kxa4 h3 52. Bg3 Kf5 53. Kb4 e4
54. Kc5 Kg4 55. Bh2 e3 56. Kxc6 e2 57. Bg3 Kxg3 58. Kd5 e1=Q 59. Kd4 Kf4 60.
Kd5 Qe5+ 61. Kc4 Ke4 62. Kb4 Qc7 63. Kb5 Kd5 64. Kb4 Qc4+ 65. Ka5 Qb3 66. Ka6
Kc6 67. Ka7 Qb7# 0-1

[Event "Intermat: BC - WA"]
[Site "Vancouver CAN"]
[Date "2016.05.14"]
[Round "1.5"]
[White "Wang, Daniel"]
[Black "Xuan, Owen"]
[Result "1-0"]
[WhiteElo "1491"]
[BlackElo "1870"]
[PlyCount "111"]
[EventDate "2016.05.14"]
[EventType "team"]
[EventRounds "2"]
[EventCountry "CAN"]

1. e4 c5 2. c3 Nc6 3. Nf3 g6 4. d4 cxd4 5. cxd4 d5 6. e5 Bg4 7. Be2 Qb6 8. Nc3
e6 9. Bb5 Bxf3 10. Bxc6+ bxc6 11. gxf3 Rc8 12. Qa4 Bg7 13. O-O Ne7 14. Rb1 Nf5
15. Ne2 O-O 16. Be3 Qc7 17. Rbc1 Nxe3 18. fxe3 Qe7 19. f4 c5 20. Qa3 f6 21.
Rxc5 Rxc5 22. exf6 Bxf6 23. dxc5 Qb7 24. Nd4 Kf7 25. c6 Qb6 26. Qa4 a5 27. Rb1
Rc8 28. Kf2 Bxd4 29. Qxd4 Qxd4 30. exd4 Rxc6 31. Re1 Kf6 32. a3 Rb6 33. Rb1 Kf5
34. Ke3 Rb3+ 35. Kd2 Kxf4 36. Kc2 Rf3 37. b4 Rxa3 38. b5 Ra4 39. b6 Rc4+ 40.
Kb3 Rxd4 41. Ka3 Rb4 42. Rxb4+ axb4+ 43. Kxb4 d4 44. b7 e5 45. b8=Q h5 46. Qf8+
Ke4 47. Qf6 d3 48. Qxg6+ Ke3 49. Qg5+ Kd4 50. Qh4+ e4 51. Qxh5 e3 52. Qg4+ Ke5
53. Qf3 e2 54. Qe3+ Kf6 55. Kc3 Kg7 56. Kxd3 1-0

[Event "Intermat: BC - WA"]
[Site "Vancouver CAN"]
[Date "2016.05.14"]
[Round "1.6"]
[White "Su, Ethan"]
[Black "Mangipudi, Vishnu"]
[Result "1-0"]
[WhiteElo "1180"]
[BlackElo "1379"]
[PlyCount "141"]
[EventDate "2016.05.14"]
[EventType "team"]
[EventRounds "2"]
[EventCountry "CAN"]

1. e4 e5 2. Nf3 Nc6 3. d4 exd4 4. Nxd4 Bc5 5. Nxc6 bxc6 6. Nc3 Nf6 7. Bg5 Be7
8. Qf3 O-O 9. Bc4 h6 10. Bh4 Nh7 11. Bxe7 Qxe7 12. O-O d6 13. Rfe1 Qg5 14. e5
d5 15. Bb3 Bg4 16. Qg3 Be6 17. Qxg5 Nxg5 18. f4 Nh7 19. h3 d4 20. Ne2 c5 21. c3
c4 22. Ba4 d3 23. Nd4 Bc8 24. Bb5 c5 25. Nf3 Be6 26. Nd2 Rab8 27. Bxc4 Bxc4 28.
Nxc4 Rfd8 29. Red1 Rd7 30. Rd2 Rbd8 31. Rad1 f6 32. e6 Re7 33. Rxd3 Rxd3 34.
Rxd3 Rxe6 35. Re3 Ra6 36. a3 Kf7 37. b4 cxb4 38. axb4 Re6 39. Kf2 Ke7 40. Rxe6+
Kxe6 41. Ke3 Kd5 42. Kd3 g5 43. g3 h5 44. Ne3+ Kd6 45. Kd4 Nf8 46. Nf5+ Kc6 47.
Ng7 h4 48. gxh4 gxf4 49. Ke4 Kb5 50. Kxf4 Kc4 51. Kf5 Kxc3 52. Ne6 Nh7 53. Kg6
Kxb4 54. Kxh7 a5 55. Kg7 a4 56. Nd4 Kc3 57. Nb5+ Kb4 58. Nd4 Kc4 59. Nc2 Kb3
60. Na1+ Kb2 61. h5 a3 62. h6 a2 63. h7 Kxa1 64. h8=Q Kb1 65. Qb8+ Ka1 66. Kf7
f5 67. Ke6 f4 68. Kd5 f3 69. Kc4 f2 70. Kc3 f1=Q 71. Qb2# 1-0

[Event "Intermat: BC - WA"]
[Site "Vancouver CAN"]
[Date "2016.05.14"]
[Round "1.7"]
[White "Xu, Andrew"]
[Black "Jiang, Brandon"]
[Result "0-1"]
[WhiteElo "1201"]
[BlackElo "1629"]
[PlyCount "120"]
[EventDate "2016.05.14"]
[EventType "team"]
[EventRounds "2"]
[EventCountry "CAN"]

1. e4 e5 2. Nf3 Nc6 3. Bb5 a6 4. Ba4 Nf6 5. d3 d6 6. Nc3 h6 7. Nd5 b5 8. Bb3
Bg4 9. h3 Bh5 10. Be3 Be7 11. Nxf6+ Bxf6 12. Bd5 Qd7 13. Rc1 Rb8 14. c4 Nb4 15.
cxb5 Nxd5 16. exd5 Rxb5 17. Qc2 Bxf3 18. gxf3 Rb7 19. b3 Bg5 20. Qc4 Bxe3 21.
fxe3 Ra7 22. Rc2 O-O 23. Rg2 Kh8 24. d4 Qf5 25. Qe2 exd4 26. Rg4 Qb1+ 27. Qd1
Qxd1+ 28. Kxd1 dxe3 29. Re4 Raa8 30. Rxe3 Rfe8 31. Rhe1 Rxe3 32. Rxe3 Kg8 33.
Rc3 Ra7 34. Rc6 Kf8 35. Kd2 Ke7 36. Kc3 Kf6 37. Kb4 Ke5 38. Ka5 Kxd5 39. Rxa6
Rxa6+ 40. Kxa6 Kc6 41. a4 d5 42. Ka5 Kc5 43. b4+ Kc4 44. Ka6 d4 45. a5 d3 46.
Kb7 d2 47. a6 d1=Q 48. a7 Qxf3+ 49. Kb8 Kxb4 50. a8=Q Qxa8+ 51. Kxa8 c5 52. Kb7
c4 53. Kc7 c3 54. Kd7 c2 55. Ke7 c1=Q 56. Kxf7 Qg5 57. Kg8 Kc5 58. Kf7 Qf6+ 59.
Ke8 Kd6 60. h4 Qe7# 0-1

[Event "Intermat: BC - WA"]
[Site "Vancouver CAN"]
[Date "2016.05.14"]
[Round "1.8"]
[White "Guo, Veronica (Yu Han)"]
[Black "Levine, Joseph"]
[Result "0-1"]
[WhiteElo "1087"]
[BlackElo "1668"]
[PlyCount "108"]
[EventDate "2016.05.14"]
[EventType "team"]
[EventRounds "2"]
[EventCountry "CAN"]

1. e4 e6 2. d4 d5 3. e5 c5 4. c3 Nc6 5. Nf3 Be7 6. a3 f6 7. b4 fxe5 8. Nxe5
Nxe5 9. dxe5 c4 10. Qg4 g6 11. Qd4 Bd7 12. a4 Qb6 13. Qxb6 axb6 14. b5 Bxb5 15.
Be2 Rxa4 16. Rxa4 Bxa4 17. Be3 Bc5 18. Bd2 Ne7 19. Bg5 Nc6 20. Bg4 Nxe5 21.
Bxe6 Nd3+ 22. Ke2 Rf8 23. Bh4 Nf4+ 24. Kd2 Nxe6 25. Re1 Kd7 26. Re5 Rf5 27. Re2
Nf4 28. g4 Nxe2 29. gxf5 Nf4 30. fxg6 Nxg6 31. Bg3 Bd6 32. Bxd6 Kxd6 33. Na3
Ne5 34. h3 Kc5 35. f4 Nd7 36. Ke3 b5 37. f5 b4 38. cxb4+ Kxb4 39. Nb1 Bc2 40.
Nd2 c3 41. Nf3 Bxf5 42. Nd4 Bxh3 43. Nc2+ Kb3 44. Nd4+ Kb2 45. Kd3 Bf5+ 46. Ke2
c2 47. Nxc2 Bxc2 48. Ke3 h5 49. Kd4 h4 50. Kxd5 h3 51. Kd4 h2 52. Kc4 h1=Q 53.
Kb5 Qc6+ 54. Ka5 Qb6# 0-1

[Event "Intermat: BC - WA"]
[Site "Vancouver CAN"]
[Date "2016.05.14"]
[Round "1.9"]
[White "Wu, Lucian"]
[Black "Yu, Jason"]
[Result "0-1"]
[WhiteElo "1320"]
[BlackElo "2032"]
[PlyCount "89"]
[EventDate "2016.05.14"]
[EventType "team"]
[EventRounds "2"]
[EventCountry "CAN"]

1. d4 d5 2. e4 dxe4 3. Nc3 Nf6 4. Bg5 Bf5 5. Qe2 c6 6. O-O-O Bg4 7. f3 exf3 8.
Nxf3 Nd5 9. Nxd5 Qxd5 10. Qe5 Qxe5 11. dxe5 h6 12. Be3 Nd7 13. Bd4 e6 14. h3
Bxf3 15. gxf3 O-O-O 16. Bc4 b5 17. Bd3 a6 18. f4 Bc5 19. Be4 Kc7 20. Rhg1 g6
21. Rg2 Bxd4 22. Rxd4 Nb6 23. Rgd2 Rxd4 24. Rxd4 Nc8 25. Rd3 Ne7 26. Kd2 Rd8
27. Ke2 Rxd3 28. Bxd3 Nd5 29. Kf3 Nb4 30. a3 Nxd3 31. cxd3 c5 32. h4 Kc6 33.
Ke4 a5 34. b3 Kb6 35. a4 bxa4 36. bxa4 Kc6 37. d4 c4 38. Kf3 Kd5 39. Ke3 c3 40.
Kd3 c2 41. Kxc2 Kxd4 42. Kb3 Kd3 43. Kb2 Kc4 44. Ka3 Kc3 45. Ka2 0-1

[Event "Intermat: BC - WA"]
[Site "Vancouver CAN"]
[Date "2016.05.14"]
[Round "1.10"]
[White "Zhou, Aiden"]
[Black "Peng, Brandon"]
[Result "1-0"]
[WhiteElo "1825"]
[BlackElo "1676"]
[PlyCount "88"]
[EventDate "2016.05.14"]
[EventType "team"]
[EventRounds "2"]
[EventCountry "CAN"]

1. d4 Nf6 2. Bg5 d5 3. Bxf6 gxf6 4. c4 c6 5. Nc3 Bf5 6. e3 e5 7. dxe5 fxe5 8.
cxd5 cxd5 9. Bb5+ Nc6 10. Qxd5 Qxd5 11. Nxd5 O-O-O 12. Bxc6 bxc6 13. Nc3 Bb4
14. Rc1 Rhg8 15. Nf3 e4 16. Ne5 Bg4 17. Nxc6 Bxc3+ 18. bxc3 Rd7 19. Ne5 Rc7 20.
Nxg4 Rxg4 21. O-O f5 22. h3 Rg5 23. Rfd1 h5 24. h4 Rg4 25. g3 Rcg7 26. Kf1 f4
27. exf4 e3 28. Rd3 exf2 29. Kxf2 Rf7 30. Rd5 Rfg7 31. Rg5 R4xg5 32. hxg5 Kc7
33. g4 hxg4 34. Kg3 Kd6 35. Kxg4 Kd5 36. f5 Ke5 37. Re1+ Kd6 38. f6 Rc7 39. g6
Rxc3 40. f7 Rc4+ 41. Kf3 Rc3+ 42. Re3 Rc1 43. f8=Q+ Kd7 44. Re7+ Kc6 1-0

[Event "Intermat: BC - WA"]
[Site "Vancouver CAN"]
[Date "2016.05.14"]
[Round "1.11"]
[White "Doknjas, Neil"]
[Black "Shubin, Daniel"]
[Result "1-0"]
[WhiteElo "1879"]
[BlackElo "1842"]
[PlyCount "89"]
[EventDate "2016.05.14"]
[EventType "team"]
[EventRounds "2"]
[EventCountry "CAN"]

1. e4 e6 2. d4 d5 3. Nc3 Bb4 4. exd5 exd5 5. Bd3 Ne7 6. Qh5 c6 7. Nf3 Nd7 8.
Ng5 Ng6 9. Bxg6 fxg6 10. Qe2+ Qe7 11. Ne6 Bd6 12. Bf4 Bxf4 13. Nxf4 Qxe2+ 14.
Kxe2 O-O 15. Nd3 Nf6 16. f3 Bf5 17. g4 Bxd3+ 18. Kxd3 Nd7 19. Rhf1 Rae8 20. Ne2
Nb6 21. b3 g5 22. Rae1 Re7 23. Ng1 Rxe1 24. Rxe1 Kf7 25. Ne2 Re8 26. Rf1 Ke7
27. Kd2 Rf8 28. Nc1 Kd6 29. Nd3 Nd7 30. c3 b5 31. Ke3 Re8+ 32. Kd2 Rf8 33. Nb2
Nb6 34. Kd3 a6 35. Nd1 g6 36. Ne3 Rf7 37. Ng2 Rf8 38. h4 h6 39. f4 gxh4 40.
Nxh4 Rf6 41. f5 g5 42. Ng6 Nd7 43. Rh1 Kc7 44. Rxh6 Kd6 45. Rh5 1-0

[Event "Intermat: BC - WA"]
[Site "Vancouver CAN"]
[Date "2016.05.14"]
[Round "1.12"]
[White "Low, Kevin"]
[Black "Beck, Alec"]
[Result "1-0"]
[WhiteElo "1913"]
[BlackElo "1741"]
[PlyCount "55"]
[EventDate "2016.05.14"]
[EventType "team"]
[EventRounds "2"]
[EventCountry "CAN"]

1. e4 e6 2. d3 d5 3. Qe2 d4 4. Nf3 c5 5. g3 Nc6 6. Bg2 e5 7. Nbd2 Be6 8. O-O
Be7 9. a4 Qc7 10. b3 Nb4 11. Nc4 Bxc4 12. bxc4 Nf6 13. Nh4 Nd7 14. Nf5 Bf6 15.
Bh3 h6 16. Rb1 Nb6 17. Ra1 a5 18. f4 Qc6 19. Rf2 Nxa4 20. Rxa4 Qxa4 21. Nd6+
Ke7 22. fxe5 Bxe5 23. Rxf7+ Kxd6 24. Qg4 Qe8 25. Qg6+ Bf6 26. Rxf6+ gxf6 27.
Qxf6+ Kc7 28. Bf4+ 1-0

[Event "Intermat: BC - WA"]
[Site "Vancouver CAN"]
[Date "2016.05.14"]
[Round "1.13"]
[White "Qu, Leo"]
[Black "Michailov, George"]
[Result "1-0"]
[WhiteElo "1842"]
[BlackElo "1704"]
[PlyCount "145"]
[EventDate "2016.05.14"]
[EventType "team"]
[EventRounds "2"]
[EventCountry "CAN"]

1. d4 d5 2. c4 c6 3. cxd5 cxd5 4. Nc3 e6 5. e4 dxe4 6. Nxe4 Bb4+ 7. Nc3 Nc6 8.
Nf3 Nge7 9. Be2 b6 10. O-O O-O 11. Be3 Bb7 12. Qb3 Bd6 13. Rac1 Rc8 14. a3 Bb8
15. Rfd1 Re8 16. Qa2 Nd5 17. Nxd5 exd5 18. b4 Qd6 19. Bf1 Ne7 20. g3 Qf6 21.
Bg2 h6 22. b5 Rxc1 23. Bxc1 Nf5 24. Bb2 Nd6 25. Ne5 Qe6 26. a4 Nc8 27. Qb3 Ne7
28. Re1 Qc8 29. Nd3 Bd6 30. Ba3 Bxa3 31. Qxa3 Nf5 32. Rxe8+ Qxe8 33. Qc3 Qe2
34. Qc7 Qxd3 35. Qxb7 Nxd4 36. Bxd5 Qd1+ 37. Kg2 Qh5 38. Be4 f5 39. Qd5+ Qf7
40. Qxd4 fxe4 41. Qxe4 Kh8 42. f4 Qa2+ 43. Kh3 Qf7 44. g4 Qb3+ 45. Kh4 Qf7 46.
h3 Qf6+ 47. g5 hxg5+ 48. fxg5 Qf2+ 49. Kh5 Qf7+ 50. g6 Qf8 51. Qd5 Qc8 52. h4
Qf8 53. Kg5 Qf6+ 54. Kh5 Qf8 55. Kg4 Qc8+ 56. Kf4 Qc1+ 57. Ke5 Qe3+ 58. Kf5
Qf2+ 59. Kg5 Qf8 60. h5 Qf6+ 61. Kg4 Qf8 62. Qf7 Qb4+ 63. Kf5 Qc5+ 64. Ke6 Qc8+
65. Kd6 Qd8+ 66. Kc6 Qa8+ 67. Kc7 a6 68. bxa6 Qa7+ 69. Kc6 Qa8+ 70. Qb7 Qe8+
71. Kxb6 Qe6+ 72. Ka7 Qe3+ 73. Ka8 1-0

[Event "Intermat: BC - WA"]
[Site "Vancouver CAN"]
[Date "2016.05.14"]
[Round "1.14"]
[White "Zheng, Victor"]
[Black "Thakur, Eamon"]
[Result "1-0"]
[WhiteElo "1717"]
[BlackElo "1646"]
[PlyCount "151"]
[EventDate "2016.05.14"]
[EventType "team"]
[EventRounds "2"]
[EventCountry "CAN"]

1. Nf3 d5 2. b3 Nf6 3. Bb2 Nbd7 4. e3 e6 5. c4 c6 6. Be2 Bd6 7. d4 Qe7 8. O-O
O-O 9. Nbd2 e5 10. cxd5 cxd5 11. dxe5 Nxe5 12. Nxe5 Bxe5 13. Bxe5 Qxe5 14. Nf3
Qd6 15. Nd4 Be6 16. Bf3 Qd7 17. Qe2 Rac8 18. Rfd1 Rc5 19. Rac1 Rfc8 20. Rxc5
Rxc5 21. h3 h6 22. Rd2 Qc7 23. Rc2 Rxc2 24. Qxc2 Qxc2 25. Nxc2 Kf8 26. Kf1 Ke7
27. Nd4 a6 28. b4 Ne4 29. Ke1 g6 30. a4 b6 31. a5 bxa5 32. bxa5 Kd6 33. Be2 Nc5
34. Kd2 Bc8 35. f3 Ne6 36. Kc3 Nxd4 37. Kxd4 f5 38. f4 h5 39. h4 Bb7 40. Bd3
Bc8 41. Bc2 Bb7 42. Ba4 Bc6 43. Bxc6 Kxc6 44. Ke5 Kb5 45. Kf6 Kxa5 46. Kxg6 Kb5
47. Kxf5 a5 48. Kg5 a4 49. f5 a3 50. f6 a2 51. f7 a1=Q 52. f8=Q Qe5+ 53. Qf5
Qxe3+ 54. Kxh5 Qe8+ 55. Kg4 Qe2+ 56. Qf3 Qe6+ 57. Kg3 Qe1+ 58. Kh3 Qe6+ 59. g4
Kc4 60. Qf1+ Kc5 61. Qc1+ Kd4 62. h5 Qe2 63. h6 Qf3+ 64. Kh4 Qf2+ 65. Kg5 Qf7
66. Qf4+ Qxf4+ 67. Kxf4 Kc3 68. h7 d4 69. h8=Q Kc2 70. Qxd4 Kb3 71. Ke3 Kc2 72.
Qd3+ Kb2 73. Kd2 Ka1 74. Qb5 Ka2 75. Kc2 Ka3 76. Qa5# 1-0

[Event "Intermat: BC - WA"]
[Site "Vancouver CAN"]
[Date "2016.05.14"]
[Round "1.15"]
[White "Low, Ethan"]
[Black "Bashkansky, Naomi"]
[Result "0-1"]
[WhiteElo "1729"]
[BlackElo "2014"]
[PlyCount "108"]
[EventDate "2016.05.14"]
[EventType "team"]
[EventRounds "2"]
[EventCountry "CAN"]

1. e4 e5 2. Nf3 Nc6 3. Bc4 Bc5 4. c3 Nf6 5. d3 d6 6. Nbd2 h6 7. O-O Be6 8. Bb3
Qd7 9. Bc2 a6 10. Qe2 O-O 11. h3 Rfe8 12. Re1 d5 13. Nf1 Bf8 14. Ng3 Rad8 15.
Nh4 g6 16. Be3 Qe7 17. Nf3 Bg7 18. d4 Nd7 19. Rad1 Rf8 20. exd5 Bxd5 21. dxe5
Ndxe5 22. Nxe5 Qxe5 23. Bb1 Rfe8 24. Qg4 Qf6 25. Qf4 Qxf4 26. Bxf4 Ne5 27. Nf1
Kf8 28. Ne3 Be6 29. Nc2 Rxd1 30. Rxd1 Nc4 31. b3 Nb2 32. Re1 Nd3 33. Re4 f5 34.
Rxe6 Rxe6 35. Bxc7 Bxc3 36. Ne3 Nb4 37. Kf1 Rc6 38. Bh2 Bd4 39. Nc4 Kg8 40. a3
Nd5 41. Ke2 Re6+ 42. Kf3 Nc3 43. Bd3 Ne4 44. Bxe4 Rxe4 45. Ne3 Kf7 46. g4 Bxe3
47. fxe3 Ke6 48. Bg3 a5 49. Be1 b6 50. a4 Re5 51. Bc3 Rd5 52. Bd4 fxg4+ 53.
hxg4 Rxd4 54. exd4 Kd5 0-1

[Event "Intermat: BC - WA"]
[Site "Vancouver CAN"]
[Date "2016.05.14"]
[Round "1.16"]
[White "Pulfer, Luke"]
[Black "Shaji, Karthik"]
[Result "1-0"]
[WhiteElo "2095"]
[BlackElo "1931"]
[PlyCount "75"]
[EventDate "2016.05.14"]
[EventType "team"]
[EventRounds "2"]
[EventCountry "CAN"]

1. d4 Nf6 2. c4 g6 3. f3 d5 4. cxd5 Nxd5 5. e4 Nb6 6. Nc3 Bg7 7. Be3 O-O 8. Qd2
Nc6 9. O-O-O Qd6 10. Nb5 Qd7 11. Kb1 a6 12. Na3 Rd8 13. d5 Ne5 14. h3 f5 15. f4
Nf7 16. Bxb6 cxb6 17. e5 e6 18. d6 b5 19. Nf3 g5 20. g3 b6 21. Bg2 Bb7 22. Qe3
Be4+ 23. Ka1 Qb7 24. Rhg1 Rac8 25. Bh1 h6 26. Nd4 Bxh1 27. Rxh1 Qd7 28. Nxf5 b4
29. Ne7+ Kh8 30. Nxc8 bxa3 31. Nxb6 Qb5 32. Qb3 axb2+ 33. Kb1 Qe2 34. Qd3 Qf2
35. Na4 gxf4 36. Rhf1 Qa7 37. gxf4 Qd7 38. Nc5 1-0

[Event "Intermat: BC - WA"]
[Site "Vancouver CAN"]
[Date "2016.05.14"]
[Round "1.17"]
[White "Doknjas, Joshua"]
[Black "Zhang, Derek"]
[Result "0-1"]
[WhiteElo "2201"]
[BlackElo "2176"]
[PlyCount "110"]
[EventDate "2016.05.14"]
[EventType "team"]
[EventRounds "2"]
[EventCountry "CAN"]

1. e4 e6 2. d4 d5 3. Nd2 Nf6 4. e5 Nfd7 5. f4 c5 6. Ngf3 Nc6 7. c3 a5 8. a4
cxd4 9. Nxd4 Nxd4 10. cxd4 Bb4 11. Kf2 Qb6 12. Nf3 Nb8 13. Be3 Nc6 14. h4 Bd7
15. h5 Be7 16. Bb5 Nb4 17. Bxd7+ Kxd7 18. Rc1 Rac8 19. Qe2 h6 20. Kg3 Rc6 21.
Rc3 Rhc8 22. Rhc1 Na2 23. Rxc6 Rxc6 24. Rxc6 Qxc6 25. Qd1 Nb4 26. Bd2 Qc4 27.
Bc3 b6 28. Bd2 Qd3 29. Kf2 Nc6 30. Qe2 Qb3 31. Qb5 Qxb5 32. axb5 Na7 33. Ke2
Nxb5 34. Kd3 Na7 35. Ne1 Nc6 36. Nc2 b5 37. g4 Bf8 38. b3 g6 39. Be1 Kc7 40.
Bd2 Kb6 41. hxg6 fxg6 42. Ne3 Ne7 43. Be1 h5 44. Bc3 Bh6 45. g5 Bf8 46. Nf1 Nf5
47. Nh2 b4 48. Bb2 Kb5 49. Nf3 a4 50. bxa4+ Kxa4 51. Nd2 h4 52. Nf1 b3 53. Nh2
Ba3 54. Bc3 Bc1 55. Nf3 Ka3 0-1

[Event "Intermat: BC - WA"]
[Site "Vancouver CAN"]
[Date "2016.05.14"]
[Round "1.18"]
[White "Su, Michael"]
[Black "Ramasamy, Vikram"]
[Result "1/2-1/2"]
[WhiteElo "1891"]
[BlackElo "2082"]
[PlyCount "70"]
[EventDate "2016.05.14"]
[EventType "team"]
[EventRounds "2"]
[EventCountry "CAN"]

1. d4 Nf6 2. c4 c5 3. d5 b5 4. cxb5 a6 5. bxa6 g6 6. g3 Bxa6 7. Bg2 d6 8. Nf3
Bg7 9. O-O Nbd7 10. Nc3 Nb6 11. Re1 O-O 12. e4 Nfd7 13. Bd2 Nc4 14. Rb1 Qa5 15.
Qc2 Rfb8 16. Bf1 Nde5 17. Nxe5 Nxe5 18. Kg2 Bxf1+ 19. Rxf1 Nc4 20. Rfc1 Rb7 21.
Be1 Bxc3 22. Bxc3 Qxa2 23. Ra1 Qxa1 24. Rxa1 Rxa1 25. b3 Na3 26. Qb2 Rb1 27.
Qxa3 R1xb3 28. Qa5 Rb8 29. Bd2 f6 30. Qc7 R3b7 31. Qc6 Kf7 32. Ba5 Ra7 33. Bd2
Rab7 34. Ba5 Ra7 35. Bd2 Rab7 1/2-1/2